|
|
|
|
| LEADER |
01044nam a2200313 4500 |
| 001 |
000992588 |
| 003 |
CZ BrMZK |
| 005 |
20091021095937.0 |
| 007 |
ta |
| 008 |
010825s1990 xxka eng |
| 020 |
|
|
|a 0906717558
|q (brož.)
|
| 040 |
|
|
|a BOA001
|b cze
|
| 080 |
9 |
|
|a 371.3
|
| 080 |
9 |
|
|a 81'24
|
| 080 |
9 |
|
|a 811.111
|
| 100 |
1 |
|
|a Lewis, Michael
|7 xx0046164
|4 aut
|
| 245 |
1 |
0 |
|a Practical techniques for language teaching /
|c Michael Lewis, Jimmie Hill
|
| 250 |
|
|
|a Repr.
|
| 260 |
|
|
|a Hove :
|b Language Teaching Publications,
|c 1990
|
| 300 |
|
|
|a 134 s. :
|b il.
|
| 490 |
1 |
|
|a Student-centred language teaching
|
| 650 |
0 |
9 |
|a Language arts
|2 eczenas
|
| 655 |
|
7 |
|a metodické příručky
|7 fd132826
|2 czenas
|
| 700 |
1 |
|
|a Hill, Jimmie
|7 xx0002364
|4 aut
|
| 830 |
|
0 |
|a Student-centred language teaching
|
| 910 |
|
|
|a BOA001
|b AK-0001.727
|
| 990 |
|
|
|a BK
|
| 991 |
|
|
|b 200910
|y British Council Brno - Czech Republic
|z 000041151
|x 99
|
| 996 |
7 |
|
|b R02532K0391
|c AK-0001.727
|l Anglická knihovna/2.patro
|r ZHR
|n 47
|h TP
|w 000992588
|u 000010
|a 0
|e BOA001
|j MZK50
|s A
|